Statistics for The Loki Quiz

Click here to take the quiz!

General Stats

  • This quiz has been taken 192 times
  • The average score is 8 of 23

Answer Stats

hint Answer % Correct
God of ________Mischief
97%
Puny ___God
70%
"TELL __! "ME
70%
"I... I... I am the monster parents tell their _______ about at night?Children
70%
Reindeer _____Games
59%
"I am burdened with glorious ________. "Purpose
59%
"I never wanted the throne, I only ever wanted to be your _____!"Equal
57%
This is my bargain, you _______ quim!"Mewling
48%
Loki of _____ / ____________Asgard / Jotunheim
39%
"Is it ________? Is it? IS IT?"Madness
38%
Loki's WifeSigyn
29%
Loki's Biological DamLaufey
29%
Loki's Children with AngrbodaFenrir
26%
___smithLie
21%
Hel
19%
Loki's Children with Svadilfari the HorseSleipnir
18%
Loki is whose blood brother?Odin
14%
Jörmungandr
13%
Loki was the principal cause of the death of which Asgardian?Baldr
13%
Loki's Biological FatherFárbauti
10%
Loki's Biological BrothersHelblindi
8%
Býleistr
7%
In the "Creation of Thor's Hammer" tale, what did Loki get for Odin?Gungnir
4%

Score Distribution

Percentile by Number Answered

Percent of People with Each Score

Your Score History

You have not taken this quiz